| 000 | 00366nam a22001457a 4500 | ||
|---|---|---|---|
| 005 | 20160106113222.0 | ||
| 008 | 160106b xxu||||| |||| 00| 0 eng d | ||
| 020 | _a9699060042 | ||
| 040 | _cPK-LaUMT | ||
| 082 |
_aMMC 382.70954 _bSAP- |
||
| 245 |
_aSapana _bsouth asian studies _cImtiaz Alam(Edit |
||
| 260 |
_aLahore _bSapana _c2006 |
||
| 300 | _a248 p. | ||
| 942 | _cBK | ||
| 999 |
_c81199 _d81199 |
||